000 00888nam a22002177a 4500
999 _c2565
_d2565
003 AR-CdUCM
008 190304b ||||| |||| 00| 0 spa d
040 _aMUNICIPALIDAD PROVINCIAL DEL CUSCO
_cBIBLIOTECA MUNICIPAL DEL CUSCO
082 _23ed.
_a330 /
_bA16
110 _aAcademia de ciencias de la U.R.S.S.
_99070
245 _aManual de economía política /
260 _aMéxico :
_bGrijalbo,
_c1962.
300 _a706 páginas ;
_c21.5 cm.
505 _aContenido: Objeto de la economía política -- El modo capitalista de producción -- El capitalismo monopolista o imperialismo -- El modo socialista de produccion -- El sistema socialista de la economia nacional ...
650 _aProducción mercantil
_99071
650 _aIndustrialización
_91455
650 _aLey económica
_99072
700 _aRoces, Wenceslao (traductor)
_93529
942 _2ddc
_cLIBROS
945 _aafb